[Event "Open de Provence 2015 A"]
[Site "Salon de Provence"]
[Date "2015.07.04"]
[Round "6.7"]
[White "Salvi, Michel"]
[Black "Joubert, Leo"]
[Result "0-1"]
[WhiteElo "1771"]
[BlackElo "1843"]
[PlyCount "54"]
[EventDate "2015.??.??"]

1. e4 c5 2. Nf3 g6 3. c3 Bg7 4. Bb5 a6 5. Ba4 b5 6. Bb3 e6 7. O-O Ne7 8. d4
cxd4 9. cxd4 d5 10. Qe2 dxe4 11. Qxe4 Ra7 12. Be3 Bb7 13. Qf4 Bd5 14. Nc3 O-O
15. Bxd5 Nxd5 16. Nxd5 Qxd5 17. b3 Nd7 18. Rac1 Rd8 19. Rfd1 a5 20. Qg3 a4 21.
Rc7 Rxc7 22. Qxc7 Ne5 23. Nd2 Nc6 24. bxa4 bxa4 25. Nf3 e5 26. Qb6 Nxd4 27. Kf1
Qc4+ 0-1

[Event "Open de Provence 2015 A"]
[Site "Salon de Provence"]
[Date "2015.07.04"]
[Round "6.8"]
[White "Gomez, Jose"]
[Black "Rihouey, Franck"]
[Result "1/2-1/2"]
[WhiteElo "1967"]
[BlackElo "1862"]
[PlyCount "40"]
[EventDate "2015.??.??"]

1. e4 e6 2. d4 d5 3. Nc3 Bb4 4. Nge2 dxe4 5. a3 Be7 6. Nxe4 Bd7 7. N2g3 Bc6 8.
Be3 Nf6 9. Nxf6+ Bxf6 10. Nh5 Nd7 11. Qg4 g6 12. Nxf6+ Nxf6 13. Qh4 Nh5 14. Bg5
f6 15. Bd2 Qe7 16. Bd3 O-O-O 17. O-O-O g5 18. Qh3 h6 19. Rhe1 g4 20. Qh4 Qf7
1/2-1/2

[Event "Open de Provence 2015 A"]
[Site "Salon de Provence"]
[Date "2015.07.04"]
[Round "6.9"]
[White "Derige Kane, Yan"]
[Black "Kizil, Yilmaz"]
[Result "0-1"]
[WhiteElo "1940"]
[BlackElo "1704"]
[PlyCount "58"]
[EventDate "2015.??.??"]

1. d4 d5 2. c4 c6 3. Nf3 Bf5 4. cxd5 cxd5 5. Nc3 Nc6 6. Qb3 Nf6 7. Qxb7 Rc8 8.
e3 Bd7 9. Qb3 e6 10. Be2 Be7 11. O-O O-O 12. a3 Ne4 13. Bd2 Nxd2 14. Nxd2 f5
15. Qc2 f4 16. Nf3 Rf6 17. Bd3 Rh6 18. Qd2 fxe3 19. fxe3 Bd6 20. h3 Na5 21. Qe1
Nc6 22. e4 Nxd4 23. Nxd4 Bc5 24. Nce2 a5 25. exd5 Qg5 26. Qg3 Bxd4+ 27. Kh1
Qxg3 28. Nxg3 Bxb2 29. Ra2 Bd4 0-1

[Event "Open de Provence 2015 A"]
[Site "Salon de Provence"]
[Date "2015.07.04"]
[Round "6.10"]
[White "Maccagnan, Tomas"]
[Black "Benavides, Jeremy"]
[Result "0-1"]
[WhiteElo "1822"]
[BlackElo "1868"]
[PlyCount "78"]
[EventDate "2015.??.??"]

1. e4 Nc6 2. d4 d5 3. Nc3 dxe4 4. d5 Ne5 5. Qd4 Ng6 6. Be3 e5 7. dxe6 Bxe6 8.
O-O-O Qxd4 9. Bxd4 Nf6 10. Bxf6 gxf6 11. Nxe4 Be7 12. Kb1 O-O 13. Nf3 Rad8 14.
Bb5 c6 15. Ba4 h6 16. Bb3 f5 17. Nc3 Bc5 18. Rxd8 Rxd8 19. Rd1 Rxd1+ 20. Nxd1
Nf4 21. Nh4 Be7 22. g3 Bxh4 23. gxf4 Bd8 24. Kc1 Bc7 25. h3 Bxf4+ 26. Ne3 Kg7
27. Kd1 Bxe3 28. fxe3 Kf6 29. Ke2 Kg5 30. Kf2 f4 31. e4 Bxb3 32. axb3 Kf6 33.
Ke2 Ke5 34. Kf3 a5 35. c3 c5 36. b4 axb4 37. cxb4 cxb4 38. h4 h5 39. b3 f6 0-1

[Event "Open de Provence 2015 A"]
[Site "Salon de Provence"]
[Date "2015.07.04"]
[Round "6.11"]
[White "Duval, Jean-Pierre"]
[Black "Piat, Jean-Pascal"]
[Result "0-1"]
[WhiteElo "1757"]
[BlackElo "1815"]
[PlyCount "110"]
[EventDate "2015.??.??"]

1. Nf3 Nf6 2. b3 e6 3. Bb2 d5 4. g3 Bd6 5. Bg2 O-O 6. O-O c5 7. d3 Nc6 8. Nbd2
Be7 9. e4 dxe4 10. dxe4 Qc7 11. e5 Nd7 12. Qe2 f6 13. exf6 Nxf6 14. c4 Bd7 15.
Rad1 Rae8 16. Rfe1 Bd8 17. Ne5 Qc8 18. Ne4 Nxe5 19. Bxe5 Nxe4 20. Bxe4 Bf6 21.
Bd6 Rf7 22. Qh5 g6 23. Qxc5 Qxc5 24. Bxc5 b6 25. Be3 Kg7 26. Rxd7 Rxd7 27. Bc6
Ree7 28. Bxd7 Rxd7 29. Kf1 Kf7 30. Ke2 h5 31. Rd1 Rb7 32. Rd6 Be7 33. Rd3 g5
34. Bd4 Kg6 35. Re3 Kf7 36. Kf3 Rd7 37. Ke4 g4 38. f3 Kg6 39. fxg4 hxg4 40. Bc3
Bc5 41. Rd3 Rxd3 42. Kxd3 Kf5 43. Bd4 a5 44. Ke3 e5 45. Bxc5 bxc5 46. Kd3 e4+
47. Ke3 Ke5 48. Ke2 Kd4 49. Kd2 e3+ 50. Ke2 Ke4 51. Ke1 Kf3 52. Kf1 e2+ 53. Ke1
Kg2 54. Kxe2 Kxh2 55. Kf2 Kh3 0-1

[Event "Open de Provence 2015 A"]
[Site "Salon de Provence"]
[Date "2015.07.04"]
[Round "6.12"]
[White "Catot, Olivier"]
[Black "Escafre, Stephane"]
[Result "0-1"]
[WhiteElo "1601"]
[BlackElo "1795"]
[PlyCount "62"]
[EventDate "2015.??.??"]

1. d4 d5 2. Nf3 Bf5 3. e3 e6 4. Nbd2 c5 5. c3 Nf6 6. Be2 Nc6 7. Qb3 Qc7 8. Nh4
Bg6 9. Nxg6 hxg6 10. Nf3 Bd6 11. h3 a6 12. a4 Na5 13. Qd1 c4 14. Nd2 Rb8 15.
Bf3 b5 16. axb5 axb5 17. e4 dxe4 18. Nxe4 Nxe4 19. Bxe4 Nb3 20. Ra2 Nxc1 21.
Qxc1 O-O 22. O-O Rb6 23. Qa1 Qe7 24. Qc1 e5 25. dxe5 Qxe5 26. g3 Qxe4 27. Re1
Qc6 28. Qe3 Ra6 29. Rxa6 Qxa6 30. Qd2 Qb6 31. Re4 Bxg3 0-1

[Event "Open de Provence 2015 A"]
[Site "Salon de Provence"]
[Date "2015.07.04"]
[Round "6.13"]
[White "Jullien, Patrick"]
[Black "Colandrea, Sauveur"]
[Result "0-1"]
[WhiteElo "1553"]
[BlackElo "1765"]
[PlyCount "64"]
[EventDate "2015.??.??"]

1. e4 d6 2. d4 Nf6 3. Nc3 Nbd7 4. Nf3 e5 5. Bc4 Be7 6. Bb3 O-O 7. O-O c6 8. h3
b5 9. a3 Rb8 10. Bg5 h6 11. Bh4 Qc7 12. Re1 Bb7 13. Bg3 g6 14. Qd2 Kg7 15. Rad1
a6 16. Kh1 c5 17. dxc5 dxc5 18. Nd5 Bxd5 19. exd5 Bd6 20. c3 Nh5 21. Bh2 f5 22.
Bc2 Ra8 23. Re2 e4 24. Bxd6 Qxd6 25. Rde1 Nf4 26. Re3 Qxd5 27. Qxd5 Nxd5 28.
R3e2 N7f6 29. Ng1 Rad8 30. Kh2 Nf4 31. Re3 N6d5 32. Rg3 Nh5 0-1

[Event "Open de Provence 2015 A"]
[Site "Salon de Provence"]
[Date "2015.07.04"]
[Round "6.14"]
[White "Loysel, Yves"]
[Black "Baquer, Marc"]
[Result "0-1"]
[WhiteElo "1723"]
[BlackElo "1781"]
[PlyCount "81"]
[EventDate "2015.??.??"]

1. e4 e6 2. Qe2 d5 3. d3 dxe4 4. dxe4 Nc6 5. c3 Nf6 6. f4 b6 7. Nf3 Bb7 8. g3
Be7 9. Bg2 Qc8 10. Qc2 O-O 11. O-O Rd8 12. b4 a5 13. b5 Na7 14. Re1 Nxb5 15. h3
Na7 16. Ba3 c5 17. Nbd2 Ba6 18. e5 Bd3 19. Qc1 Nd5 20. c4 Nb4 21. Bxb4 cxb4 22.
Ng5 Bc5+ 23. Kh2 Rb8 24. Nde4 Bd4 25. Rb1 Bxb1 26. Qxb1 Bc3 27. Nf2 g6 28. Nfe4
Bxe1 29. Nf6+ Kg7 30. Qxe1 Qxc4 31. h4 Rbc8 32. h5 Qc2 33. Kh3 Qc5 34. Kh4 Qc2
35. Bf3 Rd2 36. Nh3 Rc3 37. Bg4 Rh2 38. Qg1 Qg2 39. Qe1 Rh1 40. h6+ Kxh6 41.
Ng8+ 0-1

[Event "Open de Provence 2015 A"]
[Site "Salon de Provence"]
[Date "2015.07.04"]
[Round "6.15"]
[White "Dhamelincourt, Thomas"]
[Black "Fournier, Alain"]
[Result "1-0"]
[WhiteElo "1550"]
[BlackElo "1589"]
[PlyCount "77"]
[EventDate "2015.??.??"]

1. d4 e6 2. e4 f5 3. e5 c5 4. Nf3 cxd4 5. Nxd4 Qa5+ 6. Nc3 Qxe5+ 7. Be2 Nf6 8.
O-O a6 9. Re1 Qc5 10. Be3 Nd5 11. Nxd5 Qxd5 12. Bf3 Qa5 13. a3 Be7 14. b4 Qd8
15. Nxf5 exf5 16. Bg5 Nc6 17. Bxc6 bxc6 18. Rxe7+ Qxe7 19. Bxe7 Kxe7 20. Qe2+
Kd8 21. Re1 Kc7 22. Qe5+ Kb6 23. Qxg7 Bb7 24. Qxd7 Rad8 25. Qxf5 Ka7 26. h4
Rhf8 27. Qc5+ Ka8 28. c4 Rg8 29. f3 h5 30. Qxh5 Rh8 31. Qa5 Kb8 32. g4 c5 33.
Qb6 Rd7 34. bxc5 Rc7 35. Rd1 Kc8 36. Qe6+ Kb8 37. Rb1 Ka8 38. Qb6 Rhc8 39. c6
1-0

[Event "Open de Provence 2015 A"]
[Site "Salon de Provence"]
[Date "2015.07.04"]
[Round "6.16"]
[White "Morris, Keith"]
[Black "Derien, Robert"]
[Result "1-0"]
[WhiteElo "1715"]
[BlackElo "1626"]
[PlyCount "39"]
[EventDate "2015.??.??"]

1. e4 d6 2. d4 Nf6 3. Nc3 g6 4. Be2 Bg7 5. f4 c5 6. dxc5 Qa5 7. Bd2 Qxc5 8. h3
Nc6 9. Nf3 Nd4 10. Nxd4 Qxd4 11. Bd3 Bd7 12. Qf3 Bc6 13. Be3 Qb4 14. O-O O-O
15. Rab1 Qa5 16. b4 Qd8 17. b5 Bd7 18. e5 dxe5 19. fxe5 Ne8 20. Be4 1-0

[Event "Open de Provence 2015 A"]
[Site "Salon de Provence"]
[Date "2015.07.04"]
[Round "7.1"]
[White "Joubert, Leo"]
[Black "Midoux, Sebastien"]
[Result "0-1"]
[WhiteElo "1843"]
[BlackElo "2316"]
[PlyCount "144"]
[EventDate "2015.??.??"]

1. c4 Nf6 2. g3 g6 3. Bg2 Bg7 4. Nc3 O-O 5. e4 e5 6. Nge2 Nc6 7. O-O d6 8. d3
Nd4 9. h3 c6 10. Be3 Nd7 11. f4 f5 12. Qd2 a5 13. Rf2 Nc5 14. Raf1 a4 15. Nc1
Be6 16. fxe5 dxe5 17. Bh6 Qe7 18. Kh2 Bxh6 19. Qxh6 Rad8 20. Qe3 Bc8 21. exf5
gxf5 22. Re1 Rde8 23. Qd2 Qd6 24. Qd1 a3 25. bxa3 Kh8 26. N3e2 f4 27. gxf4 exf4
28. Bf3 Re3 29. Nxd4 Qxd4 30. Rd2 Rxe1 31. Qxe1 Qe3 32. Qf2 Rd8 33. Qxe3 fxe3
34. Rd1 Bf5 35. d4 Bc2 36. Re1 Rxd4 37. Rxe3 Rxc4 38. Nb3 Bf5 39. Re5 Rc2+ 40.
Kg3 Nxb3 41. axb3 Bg6 42. Re3 Kg8 43. b4 Kf7 44. Bg2 Kf6 45. Bf3 Ra2 46. Bg2
Bf5 47. Bf3 Be6 48. Bg2 Bd5 49. Bf3 Rc2 50. Be2 h6 51. Bf3 b6 52. Be2 Rc1 53.
Bf3 Rc4 54. Bg2 h5 55. Bf1 h4+ 56. Kf2 Rf4+ 57. Kg1 Rd4 58. Kf2 Kf5 59. Be2 Kf4
60. Bg4 Rd2+ 61. Be2 b5 62. Re8 Bc4 63. Re7 Rxe2+ 64. Rxe2 Bxe2 65. Kxe2 Kg3
66. Ke3 Kxh3 67. Kf3 Kh2 68. Kf2 h3 69. Kf1 Kg3 70. Kg1 Kf3 71. Kh2 Ke3 72.
Kxh3 Kd3 0-1

[Event "Open de Provence 2015 A"]
[Site "Salon de Provence"]
[Date "2015.07.04"]
[Round "7.2"]
[White "Petrossian, Armen"]
[Black "Dudognon, Thibault"]
[Result "1-0"]
[WhiteElo "2419"]
[BlackElo "2164"]
[PlyCount "81"]
[EventDate "2015.??.??"]

1. e4 c6 2. d4 d5 3. Nd2 dxe4 4. Nxe4 Bf5 5. Ng3 Bg6 6. Nf3 Nd7 7. Bd3 e6 8.
O-O Ngf6 9. Re1 Be7 10. Bxg6 hxg6 11. Bf4 Qb6 12. Re3 c5 13. c4 cxd4 14. Nxd4
O-O 15. Rb3 Qd8 16. Rxb7 Nc5 17. Rc7 Na6 18. Nc6 Qxd1+ 19. Rxd1 Bc5 20. Ne7+
Kh7 21. Rc6 Bb6 22. Bd6 Rad8 23. Rc1 Nb8 24. c5 Ba5 25. Rc4 Bd2 26. Ne4 Nxe4
27. Rxe4 Bg5 28. Rc7 Na6 29. h4 f5 30. Ra4 Nxc7 31. hxg5 f4 32. Bxc7 Rd1+ 33.
Kh2 Rf7 34. Bd6 Rd2 35. Bxf4 Rxf2 36. Bd6 Rxe7 37. Bxe7 Rxb2 38. Rxa7 Kg8 39.
c6 Rc2 40. c7 Kf7 41. Bc5 1-0

[Event "Open de Provence 2015 A"]
[Site "Salon de Provence"]
[Date "2015.07.04"]
[Round "7.3"]
[White "Barret, Simon"]
[Black "Rayne, Remy"]
[Result "1/2-1/2"]
[WhiteElo "2161"]
[BlackElo "2181"]
[PlyCount "48"]
[EventDate "2015.??.??"]

1. d4 d5 2. e4 c6 3. Nc3 dxe4 4. Bc4 b5 5. Bb3 Nf6 6. f3 e6 7. fxe4 b4 8. Na4
Nxe4 9. Qf3 Nf6 10. Be3 Ba6 11. Nh3 Nbd7 12. Ng5 Rc8 13. O-O-O Bb5 14. Rhe1 Qa5
15. Qh3 Be7 16. Nc5 Nxc5 17. dxc5 O-O 18. Nxe6 fxe6 19. Qxe6+ Kh8 20. Qxe7 Rfe8
21. Qd6 Rcd8 22. Qg3 Rxd1+ 23. Rxd1 Be2 24. Re1 Bh5 1/2-1/2

[Event "Open de Provence 2015 A"]
[Site "Salon de Provence"]
[Date "2015.07.04"]
[Round "7.4"]
[White "Kizil, Yilmaz"]
[Black "Merenciano, Alexandre"]
[Result "0-1"]
[WhiteElo "1704"]
[BlackElo "2188"]
[PlyCount "82"]
[EventDate "2015.??.??"]

1. e4 e6 2. d4 d5 3. Nc3 Bb4 4. e5 c5 5. Bd2 Bxc3 6. Bxc3 Ne7 7. f4 cxd4 8.
Bxd4 O-O 9. c3 Nf5 10. Nf3 Nc6 11. Bf2 f6 12. Bd3 fxe5 13. fxe5 Qe7 14. Qd2 g6
15. O-O-O Qg7 16. Kb1 Nxe5 17. Bxf5 Rxf5 18. Nxe5 Qxe5 19. Bd4 Qf4 20. Qe2 Bd7
21. Rhf1 Qe4+ 22. Qxe4 dxe4 23. Rxf5 exf5 24. Bxa7 Bb5 25. Bd4 Bd3+ 26. Ka1 f4
27. b3 g5 28. Kb2 b5 29. a4 bxa4 30. Ra1 Kf7 31. Rxa4 Rxa4 32. bxa4 Ke6 33. Kb3
Kd5 34. Kb4 e3 35. Ka5 Kc4 36. Kb6 e2 37. Bf2 Kxc3 38. Kc5 Kd2 39. Kd4 Ba6 40.
h4 g4 41. g3 f3 0-1

[Event "Open de Provence 2015 A"]
[Site "Salon de Provence"]
[Date "2015.07.04"]
[Round "7.5"]
[White "Baroyan, Davit"]
[Black "Chauvet, Vincent"]
[Result "1/2-1/2"]
[WhiteElo "1978"]
[BlackElo "2146"]
[PlyCount "60"]
[EventDate "2015.??.??"]

1. d4 d5 2. c4 e6 3. Nc3 Bb4 4. Qb3 Nc6 5. Nf3 Nf6 6. a3 Bxc3+ 7. bxc3 O-O 8.
cxd5 exd5 9. Bg5 Na5 10. Qc2 c5 11. e3 c4 12. Nd2 h6 13. Bh4 Bg4 14. Be2 Bxe2
15. Kxe2 Qd6 16. Bg3 Qe6 17. Rhe1 Nd7 18. Kf1 f5 19. Kg1 Rae8 20. Nf3 Nb3 21.
Rab1 Qe4 22. Qd1 Qe7 23. Nd2 Qxa3 24. Nxb3 cxb3 25. Rxb3 Qa6 26. Qa1 Qc6 27.
Reb1 b6 28. h3 a5 29. Rb5 Qc4 30. Qa3 Re6 1/2-1/2

[Event "Open de Provence 2015 A"]
[Site "Salon de Provence"]
[Date "2015.07.04"]
[Round "7.7"]
[White "Benavides, Jeremy"]
[Black "Faure, Alexandre"]
[Result "1/2-1/2"]
[WhiteElo "1868"]
[BlackElo "2006"]
[PlyCount "63"]
[EventDate "2015.??.??"]

1. e4 e6 2. d4 d5 3. Nc3 Nf6 4. Bg5 Be7 5. e5 Nfd7 6. h4 c5 7. Bxe7 Qxe7 8. Nb5
O-O 9. Nc7 Nxe5 10. Nxa8 cxd4 11. Qxd4 Nec6 12. Qd2 e5 13. g3 Be6 14. Bg2 Na6
15. Ne2 Rxa8 16. O-O Rd8 17. a3 Qd7 18. Rfe1 Bh3 19. Rad1 Bxg2 20. Kxg2 Nc5 21.
Nc1 Qg4 22. Qe2 Qxe2 23. Rxe2 f6 24. c3 Kf7 25. Nd3 Nxd3 26. Rxd3 Na5 27. Red2
Ke6 28. f3 Nc4 29. Re2 Na5 30. Red2 Nc4 31. Re2 Na5 32. Red2 1/2-1/2

[Event "Open de Provence 2015 A"]
[Site "Salon de Provence"]
[Date "2015.07.04"]
[Round "7.8"]
[White "Baquer, Marc"]
[Black "Jeanjean, Dominique"]
[Result "0-1"]
[WhiteElo "1781"]
[BlackElo "2077"]
[PlyCount "89"]
[EventDate "2015.??.??"]

1. d4 Nf6 2. Bg5 d5 3. e3 c5 4. Bxf6 exf6 5. dxc5 Bxc5 6. Bb5+ Nc6 7. Nc3 Be6
8. Nge2 O-O 9. Bxc6 bxc6 10. O-O f5 11. Qd3 Qc7 12. Nd4 g6 13. Nce2 Bd6 14. g3
Rab8 15. b3 Be5 16. Rac1 Rfd8 17. Nxe6 fxe6 18. c4 Qd7 19. Rfd1 Bf6 20. Qc2
Rbc8 21. cxd5 cxd5 22. Qd3 Qb7 23. Nd4 Qb6 24. Rc2 Rxc2 25. Qxc2 e5 26. Ne2 Kf7
27. Nc3 Qc6 28. Qd3 e4 29. Qb5 Qxc3 30. Qb7+ Be7 31. Rxd5 Rxd5 32. Qxd5+ Kg7
33. Qd7 Qc5 34. Qd2 a5 35. Qb2+ Bf6 36. Qd2 Kh6 37. Qd7 Qe7 38. Qb5 Qd8 39. Qe2
Qd3 40. Kf1 Bc3 41. f3 Kg7 42. Kf2 Kf6 43. a3 Qxe2+ 44. Kxe2 Ke5 45. b4 0-1

[Event "Open de Provence 2015 A"]
[Site "Salon de Provence"]
[Date "2015.07.04"]
[Round "7.9"]
[White "Escafre, Stephane"]
[Black "Gomez, Jose"]
[Result "1/2-1/2"]
[WhiteElo "1795"]
[BlackElo "1967"]
[PlyCount "42"]
[EventDate "2015.??.??"]

1. e4 e6 2. d4 d5 3. exd5 exd5 4. Bd3 Bd6 5. h3 Ne7 6. Bg5 Nbc6 7. c3 Be6 8.
Nf3 Qd7 9. O-O O-O-O 10. Qc2 f6 11. Bh4 Nf5 12. Nbd2 h5 13. Bg3 Nxg3 14. fxg3
Bxg3 15. Nb3 b6 16. Nc5 bxc5 17. Ba6+ Kb8 18. Qb3+ Nb4 19. dxc5 Ka8 20. Qxb4
Rb8 21. Qa3 Bxh3 1/2-1/2

[Event "Open de Provence 2015 A"]
[Site "Salon de Provence"]
[Date "2015.07.04"]
[Round "7.10"]
[White "Rihouey, Franck"]
[Black "Salvi, Michel"]
[Result "1-0"]
[WhiteElo "1862"]
[BlackElo "1771"]
[PlyCount "58"]
[EventDate "2015.??.??"]

1. d4 Nf6 2. Nf3 g6 3. Nc3 Bg7 4. e4 d6 5. Be3 O-O 6. Qd2 e5 7. dxe5 dxe5 8.
O-O-O Qe7 9. Bg5 c6 10. Be2 a5 11. Qd6 Qxd6 12. Rxd6 Ng4 13. Rf1 Be6 14. h3 Nh6
15. Rfd1 Na6 16. Bxa6 Rxa6 17. Na4 c5 18. Rxa6 bxa6 19. Nxc5 Bc4 20. Be7 Re8
21. Rd8 Rxd8 22. Bxd8 f5 23. exf5 gxf5 24. Ne1 Bxa2 25. b3 e4 26. Bxa5 Bd4 27.
Bb4 Bxf2 28. Nxa6 Bxb3 29. cxb3 f4 1-0

[Event "Open de Provence 2015 A"]
[Site "Salon de Provence"]
[Date "2015.07.04"]
[Round "7.11"]
[White "Piat, Jean-Pascal"]
[Black "Colandrea, Sauveur"]
[Result "0-1"]
[WhiteElo "1815"]
[BlackElo "1765"]
[PlyCount "140"]
[EventDate "2015.??.??"]

1. d4 d6 2. e4 Nf6 3. f3 Nbd7 4. Be3 g6 5. c4 Bg7 6. Qd2 c5 7. d5 O-O 8. Nc3
Ne5 9. Be2 a6 10. Bh6 Rb8 11. h4 b5 12. Bxg7 Kxg7 13. cxb5 axb5 14. Nxb5 Ba6
15. a4 c4 16. Nc3 Qb6 17. Rb1 h5 18. Nh3 Nfd7 19. g4 hxg4 20. fxg4 Nc5 21. Nf2
Nb3 22. Qf4 Nd4 23. h5 Rh8 24. h6+ Kh7 25. g5 Rhf8 26. Ng4 Nxg4 27. Qxg4 Nc2+
28. Kd2 Ne3 29. Qg1 Qd4+ 30. Kc1 Rb3 31. Qe1 Ng2 32. Qd2 Qxd2+ 33. Kxd2 Nf4 34.
Rhf1 Nd3 35. Bxd3 cxd3 36. Rf3 Kg8 37. Nb5 Bxb5 38. axb5 f6 39. Rxd3 Rxb5 40.
gxf6 Rxf6 41. Kc3 Rf4 42. Kc4 Rb7 43. Kd4 Rh4 44. b4 Rxh6 45. b5 Kg7 46. b6 Rh8
47. Rc3 Rhb8 48. Rc6 Kf6 49. Rf1+ Kg7 50. e5 Rxb6 51. e6 Rb4+ 52. Rc4 Rxc4+ 53.
Kxc4 Rf8 54. Rd1 Rf4+ 55. Kb5 Kf6 56. Kc6 g5 57. Rh1 g4 58. Rh7 g3 59. Rf7+ Ke5
60. Rg7 Rc4+ 61. Kd7 Kxd5 62. Rxe7 Rg4 63. Rf7 g2 64. e7 g1=Q 65. e8=Q Qa7+ 66.
Kd8 Qb8+ 67. Kd7 Qb7+ 68. Kd8 Qb6+ 69. Kd7 Qc6+ 70. Kd8 Rg8 0-1

[Event "Open de Provence 2015 A"]
[Site "Salon de Provence"]
[Date "2015.07.04"]
[Round "7.12"]
[White "Dhamelincourt, Thomas"]
[Black "Derige Kane, Yan"]
[Result "1/2-1/2"]
[WhiteElo "1550"]
[BlackElo "1940"]
[PlyCount "87"]
[EventDate "2015.??.??"]

1. d4 d5 2. c4 e6 3. Nc3 Be7 4. Nf3 Nf6 5. Bf4 O-O 6. e3 b6 7. Nb5 Na6 8. a3
Bb7 9. Rc1 c6 10. Nc3 Nc7 11. Bd3 dxc4 12. Bxc4 Ncd5 13. Bg3 Nxc3 14. Rxc3 Ne4
15. Rc2 c5 16. Be5 Bf6 17. O-O Bxe5 18. Nxe5 cxd4 19. f3 Nf6 20. Qxd4 Qxd4 21.
exd4 Rfd8 22. Rd1 Rac8 23. Rcd2 Rd6 24. Kf2 Rcd8 25. Ke3 Rc8 26. g4 Nd5+ 27.
Bxd5 Bxd5 28. h4 Bb3 29. Rf1 f6 30. Nd3 Rcd8 31. Nc1 Ba4 32. b3 Bc6 33. Rfd1
Kf7 34. f4 Bd5 35. Rd3 Rc6 36. Na2 a5 37. Kd2 Rdc8 38. Rc1 Rxc1 39. Nxc1 Kg6
40. Ne2 f5 41. h5+ Kh6 42. gxf5 exf5 43. Rh3 Be4 44. Rc3 1/2-1/2

[Event "Open de Provence 2015 A"]
[Site "Salon de Provence"]
[Date "2015.07.04"]
[Round "7.13"]
[White "Duval, Jean-Pierre"]
[Black "Maccagnan, Tomas"]
[Result "1/2-1/2"]
[WhiteElo "1757"]
[BlackElo "1822"]
[PlyCount "81"]
[EventDate "2015.??.??"]

1. Nf3 c5 2. b3 b6 3. Bb2 Bb7 4. e3 e6 5. Be2 Nf6 6. O-O Nc6 7. d4 cxd4 8. Nxd4
Nxd4 9. Bxd4 Be7 10. Nd2 O-O 11. c4 Qc7 12. Bf3 d6 13. Rc1 Rac8 14. Qe2 Nd7 15.
Bxb7 Qxb7 16. Qf3 Qxf3 17. Nxf3 Rfd8 18. Rfd1 Nc5 19. Nd2 Nd3 20. Rc3 Nb4 21.
a3 Nc6 22. Rcc1 Nxd4 23. exd4 d5 24. cxd5 exd5 25. Nf3 Bxa3 26. Ra1 Bd6 27.
Rxa7 Rc3 28. Ng5 Rdc8 29. g3 R8c7 30. Rda1 h6 31. Nf3 Rc1+ 32. Rxc1 Rxc1+ 33.
Kg2 Rc3 34. Rd7 Ba3 35. Rxd5 Rxb3 36. Rd8+ Kh7 37. d5 Bc5 38. Ne5 Rb2 39. Nd3
Rd2 40. Nxc5 bxc5 41. d6 1/2-1/2

[Event "Open de Provence 2015 A"]
[Site "Salon de Provence"]
[Date "2015.07.04"]
[Round "7.14"]
[White "Catot, Olivier"]
[Black "Morris, Keith"]
[Result "1/2-1/2"]
[WhiteElo "1601"]
[BlackElo "1715"]
[PlyCount "89"]
[EventDate "2015.??.??"]

1. d4 Nf6 2. Nf3 g6 3. Nc3 d5 4. Bf4 c6 5. e3 Bg7 6. Be2 O-O 7. h3 Qa5 8. O-O
b5 9. a3 Nbd7 10. Qd2 Qb6 11. Rfe1 Bb7 12. Bf1 Ne4 13. Qd3 Nxc3 14. Qxc3 c5 15.
Ne5 Nxe5 16. dxe5 a5 17. b4 Rfc8 18. Qb3 cxb4 19. axb4 a4 20. Qd3 Rc4 21. Qd2
Rcc8 22. Rec1 f6 23. Qd4 Qxd4 24. exd4 fxe5 25. Bxe5 Bxe5 26. dxe5 Bc6 27. Be2
Kf7 28. f4 Be8 29. c3 Rc7 30. Rc2 Rac8 31. Rac1 h5 32. Kf2 a3 33. Ke3 a2 34.
Kd2 d4 35. Rxa2 dxc3+ 36. Kc2 Bc6 37. g4 Be4+ 38. Bd3 Bxd3+ 39. Kxd3 hxg4 40.
hxg4 Rc4 41. Rf2 Rxb4 42. Rxc3 Rxc3+ 43. Kxc3 Re4 44. Kd3 Rc4 45. Ke3 1/2-1/2

[Event "Open de Provence 2015 A"]
[Site "Salon de Provence"]
[Date "2015.07.04"]
[Round "7.16"]
[White "Derien, Robert"]
[Black "Sanchez, Frédéric"]
[Result "0-1"]
[WhiteElo "1628"]
[BlackElo "1738"]
[PlyCount "105"]
[EventDate "2015.??.??"]

1. e4 c6 2. d4 d5 3. Nc3 dxe4 4. Nxe4 Bf5 5. Ng3 Bg6 6. Nf3 Nd7 7. Bd3 Bxd3 8.
Qxd3 Qc7 9. O-O Ngf6 10. c4 e6 11. b3 Bd6 12. Re1 O-O-O 13. Bb2 h5 14. c5 Bxg3
15. fxg3 Nxc5 16. Qc2 Nce4 17. Rxe4 Nxe4 18. Qxe4 Rd5 19. b4 g5 20. a4 h4 21.
gxh4 gxh4 22. b5 h3 23. g3 Qb6 24. Rc1 Kd8 25. Ba3 cxb5 26. axb5 Rhh5 27. Qc2
Ke8 28. Qc8+ Rd8 29. Qc3 Rxb5 30. Bc5 Qc6 31. Qe3 Qd5 32. Qh6 Rxc5 33. Rxc5
Qxf3 34. Qh8+ Kd7 35. Qxh3 Qd1+ 36. Kg2 Qxd4 37. Qh5 Ke8 38. Rc7 Rd7 39. Rc8+
Ke7 40. Qg5+ Kd6 41. Qc1 f5 42. Rc2 Qe4+ 43. Kf2 Rh7 44. Rd2+ Ke7 45. Qc7+ Kf6
46. Qxh7 Qb4 47. Qh8+ Kg6 48. Qd4 Qa5 49. Qd6 Kh5 50. Re2 b5 51. Rxe6 Qa2+ 52.
Re2 Qc4 53. Qe5 0-1

[Event "Open de Provence 2015 A"]
[Site "Salon de Provence"]
[Date "2015.07.04"]
[Round "7.17"]
[White "Derien, Robert"]
[Black "Sanchez, Frederic"]
[Result "1-0"]
[WhiteElo "1626"]
[BlackElo "1738"]
[PlyCount "134"]
[EventDate "2015.??.??"]

1. d4 Nf6 2. Nf3 g6 3. Nc3 d5 4. Bf4 c6 5. h3 Bg7 6. e3 O-O 7. Bd3 Nbd7 8. e4
dxe4 9. Nxe4 Nxe4 10. Bxe4 Nf6 11. Bd3 Nd5 12. Bh2 Qa5+ 13. c3 Nf6 14. O-O Be6
15. Re1 Rfe8 16. Qd2 Qd8 17. Bf4 Bd5 18. Ne5 Rc8 19. Bh6 b5 20. b4 a5 21. Bxg7
Kxg7 22. a3 a4 23. Bc2 Be6 24. h4 c5 25. Rad1 cxb4 26. axb4 Qc7 27. Bxg6 hxg6
28. Nxg6 fxg6 29. Rxe6 Rh8 30. Qe3 Rce8 31. d5 Qd7 32. Qe5 Kf7 33. Qf4 Rh5 34.
Re5 Rxe5 35. Qxe5 Qd6 36. Qe2 Qd7 37. Rd4 Rc8 38. Qf3 Kg7 39. g4 Rf8 40. Qg3
Qd6 41. Qd3 Qd7 42. f3 a3 43. c4 a2 44. Qa3 Qc7 45. Qxa2 Qg3+ 46. Qg2 Qe1+ 47.
Qf1 Qxb4 48. g5 Nh5 49. Qa1 Kg8 50. cxb5 Qxb5 51. d6 exd6 52. Rxd6 Qc5+ 53. Qd4
Qxd4+ 54. Rxd4 Rxf3 55. Rd8+ Kf7 56. Kg2 Rf5 57. Rd6 Ke7 58. Ra6 Nf4+ 59. Kg3
Ne6 60. Kg4 Rf4+ 61. Kg3 Rd4 62. Kf3 Rxh4 63. Kg3 Rd4 64. Ra7+ Kd6 65. Ra6+ Ke5
66. Ra5+ Rd5 67. Ra6 Kf5 1-0

[Event "Open de Provence 2015 A"]
[Site "Salon de Provence"]
[Date "2015.07.04"]
[Round "8.1"]
[White "Merenciano, Alexandre"]
[Black "Midoux, Sebastien"]
[Result "1/2-1/2"]
[WhiteElo "2188"]
[BlackElo "2316"]
[PlyCount "57"]
[EventDate "2015.??.??"]

1. e4 e5 2. Nf3 d6 3. d4 exd4 4. Nxd4 Nf6 5. Nc3 Be7 6. Be2 O-O 7. Be3 Re8 8.
O-O Bf8 9. Bg5 h6 10. Bh4 Nbd7 11. f3 c6 12. Qd2 Ne5 13. Kh1 Ng6 14. Bf2 Qc7
15. Rad1 a6 16. g4 d5 17. Bg3 Bd6 18. Bxd6 Qxd6 19. Bd3 dxe4 20. Bxe4 Nxe4 21.
Nxe4 Qf4 22. Qxf4 Nxf4 23. Rfe1 Rd8 24. c4 h5 25. g5 Bh3 26. Kg1 Kh7 27. Kf2 h4
28. Rd2 Rac8 29. Red1 1/2-1/2

[Event "Open de Provence 2015 A"]
[Site "Salon de Provence"]
[Date "2015.07.04"]
[Round "8.2"]
[White "Rayne, Remy"]
[Black "Petrossian, Armen"]
[Result "1/2-1/2"]
[WhiteElo "2181"]
[BlackElo "2419"]
[PlyCount "67"]
[EventDate "2015.??.??"]

1. d4 Nf6 2. c4 c5 3. d5 b5 4. cxb5 a6 5. bxa6 e6 6. e3 Nxd5 7. Nf3 Be7 8. e4
Nb6 9. Bf4 Bxa6 10. Bxa6 Nxa6 11. O-O O-O 12. Ne5 f6 13. Nf3 d5 14. exd5 Nxd5
15. Bd2 Nab4 16. a4 Qd7 17. Nc3 Nd3 18. b3 e5 19. Ne1 N5b4 20. Nb5 Nxe1 21.
Bxe1 Nd3 22. Qc2 Nf4 23. Rd1 Qc6 24. Qc4+ Kh8 25. f3 Rfd8 26. Bf2 Qe6 27. Qc2
Rdc8 28. Na3 Rab8 29. Nc4 Nd5 30. Rfe1 Nb6 31. Nxb6 Rxb6 32. Rd3 Rd6 33. Rc3 c4
34. Rc1 1/2-1/2